<?xml version="1.0" encoding="UTF-8"?><?xml-stylesheet type="text/xsl" href="static/style.xsl"?><OAI-PMH xmlns="http://www.openarchives.org/OAI/2.0/" xmlns:xsi="http://www.w3.org/2001/XMLSchema-instance" xsi:schemaLocation="http://www.openarchives.org/OAI/2.0/ http://www.openarchives.org/OAI/2.0/OAI-PMH.xsd"><responseDate>2026-04-26T20:22:58Z</responseDate><request verb="GetRecord" identifier="oai:uvadoc.uva.es:10324/76149" metadataPrefix="marc">https://uvadoc.uva.es/oai/request</request><GetRecord><record><header><identifier>oai:uvadoc.uva.es:10324/76149</identifier><datestamp>2025-07-07T08:01:53Z</datestamp><setSpec>com_10324_38</setSpec><setSpec>col_10324_852</setSpec></header><metadata><record xmlns="http://www.loc.gov/MARC21/slim" xmlns:doc="http://www.lyncode.com/xoai" xmlns:xsi="http://www.w3.org/2001/XMLSchema-instance" xmlns:dcterms="http://purl.org/dc/terms/" xsi:schemaLocation="http://www.loc.gov/MARC21/slim http://www.loc.gov/standards/marcxml/schema/MARC21slim.xsd">
<leader>00925njm 22002777a 4500</leader>
<datafield tag="042" ind1=" " ind2=" ">
<subfield code="a">dc</subfield>
</datafield>
<datafield tag="720" ind1=" " ind2=" ">
<subfield code="a">Estrada Vásquez, Sebastián Jesús</subfield>
<subfield code="e">author</subfield>
</datafield>
<datafield tag="260" ind1=" " ind2=" ">
<subfield code="c">2024</subfield>
</datafield>
<datafield tag="520" ind1=" " ind2=" ">
<subfield code="a">En este Trabajo de Fin de Grado se analiza la legislación sobre la conservación de animales&#xd;
y plantas en la Época Moderna, concluyendo que estas leyes no se crearon por una verdadera&#xd;
preocupación por preservar las especies, sino para optimizar la producción de bienes y&#xd;
regular el acceso a los recursos naturales. Las vedas y la designación de espacios naturales&#xd;
para uso exclusivo de la realeza se implementaron principalmente con fines económicos y de&#xd;
gestión de recursos. Sin embargo, estas primeras normativas sentaron las bases para las&#xd;
modernas leyes de protección ambiental, que evolucionaron hacia una visión más integral y&#xd;
ecológica. El trabajo explora cómo estas disposiciones iniciales, aunque limitadas, prepararon&#xd;
el terreno para la actual conciencia y legislación medio ambiental.</subfield>
</datafield>
<datafield tag="024" ind2=" " ind1="8">
<subfield code="a">https://uvadoc.uva.es/handle/10324/76149</subfield>
</datafield>
<datafield tag="245" ind1="0" ind2="0">
<subfield code="a">Legislación sobre la conservación de los animales y plantas en la Época Moderna, y su vinculación con las actuales leyes de protección del Medio Ambiente en España.</subfield>
</datafield>
</record></metadata></record></GetRecord></OAI-PMH>